000 00610nam a22001937a 4500
005 20170405170911.0
010 _aENG-117636
020 _a9788179105153
_c900.00
035 _aEN-101168
037 _bDABD/PUB
082 _a338.040954
100 _aSushil Kumar
245 _aEntrepreneurship development in India /
_bby Sushil Kumar
260 _aJaipur
_bAavishar Publishars, Distributors
_c2016
270 _a807,Vyas Building, Chaura Rasta
_bJaipur
_e302003
300 _axii,202p.
_c22cm(Hb)
500 _aIncludes bibliographical references
942 _2ddc
_cEN
_h338.040954
_mSUS
999 _c138669
_d138669